000
00301pam a2200121a 44500
008
230405s1997 xxu||||| |||| 00| 0 eng d
041
_a
ENG
100
_a
Abhijit Varde
245
_a
Daughters of maharashtra
260
_a
_b
Jaysri salgaonkar for Kolnirnay in
_c
1997
300
_a
149
906
_a
3808
999
_c
295151
_d
295151